000 00531nam a2200133Ia 4500
008 220603s9999 xx 000 0 und d
082 _bPRA
100 _aPrakash Navami
_993191
245 _aStudy to assess the effectiveness of self instructional module knowledge and knowledge of practice regarding nursing interventions to reduce the risk of catheter associated urinary tract infections in patients among the staff nurses
260 _aKarnataka
_bKLE University
_c2013
300 _a139p
365 _bRs.
999 _c57412
_d57412